Идентификация и анализ полимеров: пер. с англ.

ग्रंथसूची विवरण
मुख्य लेखक: Хаслам Дж.
अन्य लेखक: Виллис Г. А.
भाषा:रूसी
प्रकाशित: Москва, Химия, 1971
विषय:
स्वरूप: MixedMaterials पुस्तक
KOHA link:https://koha.lib.tpu.ru/cgi-bin/koha/opac-detail.pl?biblionumber=114095

MARC

LEADER 00000nam0a2200000 4500
001 114095
005 20231031122140.0
035 |a (RuTPU)RU\TPU\book\123390 
090 |a 114095 
100 |a 20070419d1971 m y0rusy50 ca 
101 1 |a rus  |c eng 
102 |a RU 
105 |a a z 001zy 
200 1 |a Идентификация и анализ полимеров  |e пер. с англ.  |f Дж. Хаслам, Г. А. Виллис 
210 |a Москва  |c Химия  |d 1971 
215 |a 432 с.  |c ил. 
320 |a Библиография в конце глав. 
320 |a Предметный указатель: с. 429-432. 
610 1 |a идентификация 
610 1 |a анализ 
610 1 |a химические анализы 
610 1 |a полимеры 
610 1 |a полиамиды 
610 1 |a пластификаторы 
610 1 |a антиоксиданты 
610 1 |a эмульгаторы 
610 1 |a хроматография 
675 |a 679.56.01  |v 3 
700 1 |a Хаслам  |b Дж. 
701 1 |a Виллис  |b Г. А. 
801 1 |a RU  |b 63413507  |c 20070419  |g PSBO 
801 2 |a RU  |b 63413507  |c 20080505  |g PSBO 
942 |c BK